Optimization of the water-cement ratio of rubberized ceramsite concrete (Record no. 75115)

MARC details
000 -LEADER
fixed length control field 01757nam a22002657a 4500
100 ## - MAIN ENTRY--AUTHOR NAME
Personal name Bu, C
245 ## - TITLE STATEMENT
Title Optimization of the water-cement ratio of rubberized ceramsite concrete
260 ## - PUBLICATION, DISTRIBUTION, ETC. (IMPRINT)
Name of publisher Journal of Rubber Research, 26(1): 27-36
Year of publication 2023
300 ## - PHYSICAL DESCRIPTION
Other physical details February
520 ## - SUMMARY, ETC.
Summary, etc Waste-rubberized ceramsite concrete is an improvised building material that is suitable for lightweight wall panels, which can significantly reduce the bulk density of buildings. In this study, the effects of different water–cement ratios on the mechanical properties, water absorption, ultrasonic velocity, and sulfate corrosion resistance of waste-rubberized ceramsite concrete were investigated, and scanning electron microscopy (SEM) was used to study the microscopic interface. The test results show that the water–cement ratio of 0.45 is optimal. The compressive strength, water absorption rate, and ultrasonic velocity of the specimen first increased and then decreased as the water–cement ratio increased. The sulfate corrosion resistance of specimens with a high water–cement ratio is weaker than that of specimens with a low water–cement ratio. It is of great significance to explore the optimal water–cement ratio of the waste-rubberized ceramsite concrete for further research, and it has important production guidance significance for commercial applications.
650 ## - SUBJECT ADDED ENTRY--TOPICAL TERM
Topical Term Ceramsite concrete
650 ## - SUBJECT ADDED ENTRY--TOPICAL TERM
Topical Term Waste rubber
650 ## - SUBJECT ADDED ENTRY--TOPICAL TERM
Topical Term Durability
650 ## - SUBJECT ADDED ENTRY--TOPICAL TERM
Topical Term Compressive strength
650 ## - SUBJECT ADDED ENTRY--TOPICAL TERM
Topical Term Water-cement ratio
700 ## - ADDED ENTRY--PERSONAL NAME
Personal name Zhu, D
700 ## - ADDED ENTRY--PERSONAL NAME
Personal name Lu, X
700 ## - ADDED ENTRY--PERSONAL NAME
Personal name Liu, L
700 ## - ADDED ENTRY--PERSONAL NAME
Personal name Sun, Y
700 ## - ADDED ENTRY--PERSONAL NAME
Personal name Yu, L
700 ## - ADDED ENTRY--PERSONAL NAME
Personal name Zhang, W
700 ## - ADDED ENTRY--PERSONAL NAME
Personal name Xiao, T
856 ## - ELECTRONIC LOCATION AND ACCESS
Uniform Resource Identifier https://doi.org/10.1007/s42464-023-00195-6
942 ## - ADDED ENTRY ELEMENTS (KOHA)
Koha item type Journals
Holdings
Withdrawn status Lost status Damaged status Not for loan Home library Current library Date acquired Koha item type
        RRII Library RRII Library 20/11/2023 Journals